VCT 2025: Rosters - Statistics

General Stats
  • This quiz has been taken 60 times
    44 since last reset
  • The average score is 110 of 228
Answer Stats
Answer % Correct
Boo
97%
Alfajer
85%
Boaster
85%
C0M
85%
tex
85%
Asuna
82%
benjyfishy
82%
Jamppi
82%
kaajak
82%
MiniBoo
82%
t3xture
82%
Boostio
79%
crashies
79%
keiko
79%
OXY
79%
RieNs
79%
ANGE1
76%
aspas
76%
Chronicle
76%
Cryo
76%
Foxy9
76%
jawgemo
76%
kamo
76%
paTiTek
76%
Wo0t
76%
yay
76%
eeiu
73%
Ethan
73%
MaKo
73%
marteen
73%
Meteor
73%
Munchkin
73%
nAts
73%
NaturE
73%
saadhak
73%
ara
70%
bang
70%
Derke
70%
keznit
70%
kiNgg
70%
leaf
70%
mazino
70%
mitch
70%
neT
70%
supamen
70%
SUYGETSU
70%
trent
70%
v1c
70%
valyn
70%
Verno
70%
Xeppaa
70%
zekken
70%
BuZz
67%
Derrek
67%
f0rsakeN
67%
icy
67%
Jinggg
67%
johnqt
67%
JonahP
67%
Karon
67%
mada
67%
N4RRATE
67%
Sato
67%
something
67%
Zander
67%
ZmjjKK
67%
Art
64%
Ash
64%
brawk
64%
CHICHOO
64%
Cloud
64%
Flashback
64%
hiro
64%
Okeanos
64%
PatMen
64%
primmie
64%
s0m
64%
Shao
64%
skuba
64%
Smoggy
64%
Zellsis
64%
BeYN
61%
cortezia
61%
Crws
61%
Flickless
61%
HYUNMIN
61%
iZu
61%
Jemkin
61%
Less
61%
Magnum
61%
Monyet
61%
MrFaliN
61%
nobody
61%
pANcada
61%
Shyy
61%
stax
61%
artziN
58%
cauanzin
58%
crazyguy
58%
d4v4i
58%
free1ng
58%
Melser
58%
Sayf
58%
ATA KAPTAN
55%
Avez
55%
grubinho
55%
koalanoob
55%
Lysoar
55%
PROFEK
55%
Serial
55%
westside
55%
whzy
55%
xenom
55%
xeus
55%
yetujey
55%
DH
52%
JitboyS
52%
LêwN
52%
Meiy
52%
qRaxs
52%
Rarga
52%
SiuFatBB
52%
Elite
48%
Filu
48%
Kicks
48%
lukxo
48%
Ruxic
48%
spike
48%
AvovA
45%
heat
45%
Juicy
45%
Knight
45%
thyy
45%
BerLIN
42%
CoCo
42%
Dambi
42%
Kai
42%
kamyk
42%
Kushy
42%
Life
42%
nephh
42%
SugarZ3ro
42%
xffero
42%
baddyG
39%
coconut
39%
CyvOph
39%
dos9
39%
flyuh
39%
invy
39%
Jieni7
39%
killua
39%
rushia
39%
Spring
39%
tuyz
39%
AAAAY
36%
adverso
36%
famouz
36%
MOLSi
36%
nataNk
36%
NcSlasher
36%
sociablEE
36%
Akame
33%
BerserX
33%
Kr1stal
33%
Minny
33%
TenTen
33%
Autumn
30%
gyen
30%
Lz
30%
UdoTan
30%
Urango
30%
Viva
30%
batujnax
27%
Francis
27%
happywei
27%
Ivy
27%
Jinboong
27%
Levius
27%
MONSTEERR
27%
Papi
27%
yosemite
27%
Haodong
24%
margaret
24%
o0o0o
24%
Persia
24%
Shiro
24%
vo0kashu
24%
Yuicaw
24%
CLZ
21%
Flex1n
21%
Nicc
21%
SpiritZ1
21%
Akeman
18%
gobera
18%
silentzz
18%
Veqaj
18%
Abo
15%
FengF
15%
lucas
15%
slowly
15%
Xdll
15%
Babyblue
12%
GuanG
12%
LuoK1ng
12%
OBONE
12%
sword9
12%
TvirusLuke
12%
yoman
12%
cb
9%
deLb
9%
Deryeon
9%
Ezeir
9%
Loss
9%
Midi
9%
Scales
9%
SyouTa
9%
Z1Yan
9%
hfmi0dzjc9z7
6%
K1ra
6%
player
6%
riya
6%
Wild0reoo
6%
Xlele
6%
jkuro
3%
MrCANi
3%
Ninebody
3%
XiYiJi
3%
Lsn
0%
No matching quizzes found
Score Distribution
Percent of People with Each Score
Percentile by Number Answered
Your Score History
You have not taken this quiz since the last reset